Catalog

Record Details

Catalog Search



Critical community practice  Cover Image Book Book

Critical community practice / Hugh Butcher ... [et al.]

Butcher, Hugh (Added Author).

Record details

  • ISBN: 9781861347916 (pbk.)
  • Physical Description: vii, 184 p. ; 24 cm
  • Publisher: Bristol : Policy, 2007

Content descriptions

Bibliography, etc. Note:
Includes bibliographical references and index.

Available copies

  • 1 of 1 copy available at Common Catalog SPOK.

Holds

  • 0 current holds with 1 total copy.
Show Only Available Copies
Location Call Number / Copy Notes Barcode Shelving Location Status Due Date
Jabok Library SPr-1.4 424480034613 Odborná literatura Available -

LDR 00818pam a2200277 a 4500
00118266
003CZ-PrJAB
00520200330083324.0
007ta
008070516s2007 enk b 001 0 eng d
020 . ‡a9781861347916 (pbk.)
035 . ‡a(UkOxU)016647487
035 . ‡a(Uk)013756611
040 . ‡aStDuBDS ‡beng ‡cStDuBDS ‡dUk ‡dABG312
08204. ‡a307.14 ‡222
24500. ‡aCritical community practice / ‡cHugh Butcher ... [et al.]
260 . ‡aBristol : ‡bPolicy, ‡c2007
300 . ‡avii, 184 p. ; ‡c24 cm
504 . ‡aIncludes bibliographical references and index.
6530 . ‡akomunitní práce ‡azáklady ‡amodely ‡aperspektivy ‡aCommunity development ‡aCommunity organization ‡aCommunity
7001 . ‡aButcher, Hugh
910 . ‡aABG312
901 . ‡a18266 ‡bCZ-PrJAB ‡c18266 ‡tbiblio

Additional Resources